|
|
|
|
| LEADER |
00000nam0a2200000 4500 |
| 001 |
34978 |
| 005 |
20231030232131.0 |
| 035 |
|
|
|a (RuTPU)RU\TPU\book\35394
|
| 035 |
|
|
|a BOOK00002046
|
| 090 |
|
|
|a 34978
|
| 100 |
|
|
|a 20011210d1983 km y0rusy50 ca
|
| 101 |
0 |
|
|a rus
|
| 102 |
|
|
|a RU
|
| 105 |
|
|
|a a g 001zy
|
| 200 |
1 |
|
|a Справочное руководство по проектированию разработки и эксплуатации нефтяных месторождений
|e Проектирование разработки
|f под ред. Ш. К. Гиматудинова
|
| 210 |
|
|
|a Москва
|c Недра
|d 1983
|
| 215 |
|
|
|a 463 с.
|c ил.
|
| 320 |
|
|
|a Библиогр.: с. 452-453.
|
| 610 |
1 |
|
|a нефть
|
| 610 |
1 |
|
|a газ
|
| 610 |
1 |
|
|a нефтяные месторождения
|
| 610 |
1 |
|
|a газовые месторождения
|
| 610 |
1 |
|
|a эксплуатация
|
| 610 |
1 |
|
|a проектирование
|
| 610 |
1 |
|
|a физические свойства
|
| 610 |
1 |
|
|a физико-химические свойства
|
| 610 |
1 |
|
|a расчеты
|
| 610 |
1 |
|
|a справочники
|
| 675 |
|
|
|a 622.276(035)
|v 3
|
| 702 |
|
1 |
|a Гиматудинов
|b Ш. К.
|g Шамиль Кашафович
|4 340
|
| 801 |
|
0 |
|a RU
|b 63413507
|c 20011210
|g PSBO
|
| 801 |
|
2 |
|a RU
|b 63413507
|c 20230221
|g PSBO
|
| 900 |
|
|
|a Разработка и эксплуатация нефтяных и газовых месторождений
|
| 900 |
|
|
|a Разработка нефтяных месторождений
|
| 900 |
|
|
|a Физика нефтяного и газового пласта
|
| 942 |
|
|
|c BK
|